000 01145nam a2200241Ia 4500
003 Ost
005 20260507074840.0
008 260507s9999||||xx |||||||||||||| ||und||
020 _a9789957982362
040 _cfsecg
041 _aara
082 _a658.15
100 _aطيبي، رتيبة
_eمؤلف
245 0 _aإدارة المال العام /
_c رتيبة طيبي
260 _aعمان:
_bدار الإعصار العلمي للنشر والتوزيع,
_c2016
300 _a307 صفحة؛
_bإيضاحات ؛
_c25 سم
504 _aببليوغرافيا: ص.299-307
520 _aيضم مراحل تطور الإدارة المالية واكتساب المال في القانون الإداري، المالية العامة والأثار المباشرة للإنفاق العام، الآثار الإقتصادية للقروض العامة، الفساد الإداري والمالي، مغلوطات المال العام والدين العام.
653 _aالإدارة المالية
653 _aالأموال-القطاع العام
653 _aالمالية العامة
942 _cكتاب
999 _c41515
_d41515